[Event "IECC 2014-1.03"]
[Site "IECC email"]
[Date "2014.01.05"]
[Round "?"]
[White "Graham, Robbie Darrell"]
[Black "Bottoni, Carlo"]
[Result "0-1"]
[WhiteElo "1077"]
[BlackElo "1841"]
[PlyCount "40"]
[EventDate "2014.??.??"]
[EventType "tourn (corr)"]
[SourceTitle "Telechess CBM 165"]
[Source "ChessBase"]
[SourceDate "2015.03.11"]
[SourceVersion "1"]
[SourceVersionDate "2015.03.11"]
[SourceQuality "1"]
[WhiteTeam "US of America"]
[BlackTeam "Italy"]
[WhiteTeamCountry "USA"]
[BlackTeamCountry "ITA"]

1. e4 c5 2. d4 cxd4 3. Qxd4 Nc6 4. Qc4 e6 5. g3 d5 6. Qe2 dxe4 7. Qxe4 Nf6 8. Qe2 Nd4 9. Qc4 e5 10. Bg5 Be6 11. Qa4+ Bd7 12. Qc4 Rc8 13. Bxf6 Qxf6 14. Qd5 Nxc2+ 15. Kd1 Ne3+ 16. fxe3 Qxf1+ 17. Kd2 Qc1+ 18. Ke2 Rc2+ 19. Kf3 Qf1+ 20. Ke4 Qf5# 0-1

[Event "IECC 2014-1.03"]
[Site "IECC email"]
[Date "2014.01.05"]
[Round "?"]
[White "Graham, Robbie Darrell"]
[Black "Cave, John S"]
[Result "0-1"]
[WhiteElo "1083"]
[BlackElo "1375"]
[PlyCount "89"]
[EventDate "2014.??.??"]
[EventType "tourn (corr)"]
[SourceTitle "Telechess CBM 165"]
[Source "ChessBase"]
[SourceDate "2015.03.11"]
[SourceVersion "1"]
[SourceVersionDate "2015.03.11"]
[SourceQuality "1"]
[WhiteTeam "US of America"]
[BlackTeam "US of America"]
[WhiteTeamCountry "USA"]
[BlackTeamCountry "USA"]

1. e4 Nf6 2. Nc3 d5 3. e5 d4 4. Nce2 Ne4 5. d3 Nc5 6. Nf3 Nc6 7. g3 Bg4 8. Bg2 Bxf3 9. Bxf3 Nxe5 10. Bg2 c6 11. 0-0 e6 12. Bf4 Ng6 13. c3 dxc3 14. Nxc3 Nxd3 15. Be4 Ndxf4 16. gxf4 Qxd1 17. Raxd1 Nxf4 18. Kh1 Nd5 19. Ne2 Bc5 20. Ng3 0-0-0 21. a3 Nf6 22. Rc1 Nxe4 23. Nxe4 Be7 24. b4 Rd5 25. Nc3 Rd3 26. Ne4 Rxa3 27. Rcd1 Rd8 28. Rxd8+ Kxd8 29. Rd1+ Kc7 30. Rg1 g6 31. b5 c5 32. Rc1 b6 33. Nd2 a5 34. Nc4 Rb3 35. Ne5 f6 36. Nc6 Bd6 37. Na7 a4 38. Nc6 Rxb5 39. Na7 Ra5 40. Nb5+ Rxb5 41. Ra1 Ra5 42. h4 a3 43. Kg2 a2 44. f3 Be5 45. Re1 0-1

[Event "IECC O-3587"]
[Site "IECC email"]
[Date "2013.02.22"]
[Round "?"]
[White "Graham, Robbie Darrell"]
[Black "Street, Mark"]
[Result "1-0"]
[WhiteElo "1036"]
[BlackElo "987"]
[PlyCount "99"]
[EventDate "2013.??.??"]
[EventType "swiss (corr)"]
[EventRounds "2"]
[SourceTitle "Telechess CBM 165"]
[Source "ChessBase"]
[SourceDate "2015.03.11"]
[SourceVersion "1"]
[SourceVersionDate "2015.03.11"]
[SourceQuality "1"]
[WhiteTeam "US of America"]
[BlackTeam "Tailandia"]
[WhiteTeamCountry "USA"]
[BlackTeamCountry "THA"]

1. e4 e5 2. Nf3 d6 3. Bb5+ c6 4. Bc4 b5 5. Bd3 Nd7 6. c4 b4 7. b3 Nc5 8. Qe2 Nf6 9. 0-0 Bg4 10. a3 Nxb3 11. Ra2 Nxc1 12. Rxc1 b3 13. Rb2 Rb8 14. Rf1 a5 15. a4 Be7 16. Qe3 c5 17. Nc3 0-0 18. Ne2 Qc8 19. Nc1 d5 20. exd5 e4 21. Bxe4 Bd6 22. Nxb3 Re8 23. Ng5 Qc7 24. Qc3 Bxh2+ 25. Kh1 Be2 26. Re1 Bg4 27. Qd3 Bf4 28. f3 Bg3 29. Rf1 Bh5 30. Bxh7+ Kf8 31. Qf5 g6 32. Qd3 Bf4 33. g4 Bxg4 34. fxg4 Bxg5 35. Qh3 Qe5 36. Rbb1 Qe4+ 37. Kg1 Qxc4 38. Nxa5 Qd4+ 39. Rf2 Rxb1+ 40. Kg2 Qxd5+ 41. Rf3 Qxd2+ 42. Rf2 Qd5+ 43. Qf3 Qd4 44. Nc6 Qxa4 45. Kh3 Ne4 46. Kg2 Qxc6 47. Qd3 Bh4 48. Rf4 Nf2+ 49. Qf3 Qd6 50. Rxf7# 1-0

[Event "IECC O-3057"]
[Site "IECC email"]
[Date "2009.11.23"]
[Round "?"]
[White "Nikolic, Dejan"]
[Black "Graham, Robbie Darrell"]
[Result "0-1"]
[WhiteElo "1031"]
[BlackElo "1027"]
[PlyCount "46"]
[EventDate "2009.??.??"]
[EventType "swiss (corr)"]
[EventRounds "2"]
[SourceTitle "Telechess CBM 149"]
[Source "ChessBase"]
[SourceDate "2012.07.17"]
[SourceVersion "1"]
[SourceVersionDate "2012.07.17"]
[SourceQuality "1"]
[WhiteTeam "SCG"]
[BlackTeam "US of America"]
[BlackTeamCountry "USA"]

1. e4 g6 2. d4 Nf6 3. e5 Ne4 4. Bd3 Ng5 5. Bxg5 h6 6. Bd2 d6 7. Nf3 Nc6 8. Bc3 d5 9. Nbd2 Bg7 10. Qe2 0-0 11. b4 b6 12. 0-0 a5 13. bxa5 bxa5 14. Nb3 a4 15. Nc5 e6 16. Rab1 Ne7 17. a3 Nc6 18. Ba6 Bxa6 19. Nxa6 f6 20. exf6 Qxf6 21. Ne5 Ne7 22. Nd7 Qf5 23. Nxf8 Kxf8 0-1

[Event "IECC M1-2009.T26"]
[Site "IECC email"]
[Date "2009.02.14"]
[Round "?"]
[White "Graham, Robbie Darrell"]
[Black "Robertson, John"]
[Result "0-1"]
[WhiteElo "1057"]
[BlackElo "972"]
[PlyCount "56"]
[EventDate "2009.??.??"]
[EventType "match (corr)"]
[EventRounds "2"]
[SourceTitle "Corr 2011"]
[Source "ChessBase"]
[SourceDate "2010.08.31"]
[SourceVersion "1"]
[SourceVersionDate "2010.08.31"]
[SourceQuality "1"]
[WhiteTeam "US of America"]
[BlackTeam "Australia"]
[WhiteTeamCountry "USA"]
[BlackTeamCountry "AUS"]

1. Nf3 d6 2. g3 Bg4 3. Nd4 e5 4. Nb3 Nf6 5. d3 Nc6 6. Bg5 Be7 7. Bg2 0-0 8. 0-0 d5 9. N1d2 Rb8 10. c4 d4 11. Bxf6 Bxf6 12. Ne4 Be7 13. Nbd2 f5 14. f3 Bh5 15. g4 fxg4 16. Kh1 Rf4 17. Nf2 Bd6 18. e4 dxe3 19. Nb3 exf2 20. Rxf2 Nd4 21. Nxd4 exd4 22. Qd2 Qh4 23. Kg1 g3 24. hxg3 Qxg3 25. Kf1 Re8 26. b3 Qh2 27. Qa5 Bxf3 28. Qb5 Bxg2# 0-1

[Event "IECC M1-2009.T26"]
[Site "IECC email"]
[Date "2009.02.14"]
[Round "?"]
[White "Robertson, John"]
[Black "Graham, Robbie Darrell"]
[Result "0-1"]
[WhiteElo "1004"]
[BlackElo "1047"]
[PlyCount "42"]
[EventDate "2009.??.??"]
[EventType "match (corr)"]
[EventRounds "2"]
[SourceTitle "Corr 2011"]
[Source "ChessBase"]
[SourceDate "2010.08.31"]
[SourceVersion "1"]
[SourceVersionDate "2010.08.31"]
[SourceQuality "1"]
[WhiteTeam "Australia"]
[BlackTeam "US of America"]
[WhiteTeamCountry "AUS"]
[BlackTeamCountry "USA"]

1. e4 Nf6 2. Nc3 c6 3. d4 g6 4. e5 Nh5 5. g4 Ng7 6. Qf3 d5 7. exd6 Qxd6 8. Be3 Nd7 9. 0-0-0 Ne6 10. Ne4 Qc7 11. Ne2 Bg7 12. Nf4 0-0 13. h4 b6 14. g5 Nxd4 15. Bxd4 Bxd4 16. Rxd4 Ne5 17. Qd1 Bg4 18. Qd2 Nf3 19. Qd1 Qxf4+ 20. Kb1 Nxd4 21. Qxd4 Bf3 0-1

[Event "IECC CL7-2008.08 email"]
[Site "IECC email"]
[Date "2009.01.09"]
[Round "?"]
[White "Pollard, Richard"]
[Black "Graham, Robbie Darrell"]
[Result "1-0"]
[WhiteElo "1200"]
[BlackElo "1056"]
[PlyCount "53"]
[EventDate "2008.??.??"]
[EventType "tourn (corr)"]
[EventRounds "4"]
[SourceTitle "Corr 2011"]
[Source "ChessBase"]
[SourceDate "2010.08.31"]
[SourceVersion "1"]
[SourceVersionDate "2010.08.31"]
[SourceQuality "1"]
[WhiteTeam "US of America"]
[BlackTeam "US of America"]
[WhiteTeamCountry "USA"]
[BlackTeamCountry "USA"]

1. e4 e5 2. f4 exf4 3. Nf3 Bd6 4. d4 b6 5. Bc4 Nf6 6. e5 Bb4+ 7. c3 Be7 8. exf6 Bxf6 9. 0-0 d5 10. Bd3 0-0 11. Bxf4 Bg4 12. Nbd2 Nc6 13. Qc2 Qe7 14. Bxh7+ Kh8 15. Bf5 Bh5 16. Rae1 Qd8 17. Ne5 Ne7 18. Ndf3 Nxf5 19. Qxf5 g6 20. Nxg6+ fxg6 21. Qh3 c5 22. Ne5 g5 23. Qxh5+ Kg8 24. Qg6+ Bg7 25. Qe6+ Kh7 26. Nf7 Qc8 27. Nxg5+ 1-0